World Capitals Closest to the Centre of Russia - Statistics

General Stats
  • This quiz has been taken 212 times
  • The average score is 16 of 20
Answer Stats
km capital miles % Correct
3274 Beijing 2034
94%
2205 Ulaanbaatar 1370
90%
3724 Minsk 2314
89%
2129 Astana 1323
88%
3342 Helsinki 2077
88%
3892 Kyiv 2418
88%
3626 Riga 2253
85%
3398 Tallinn 2112
84%
3200 Tashkent 1988
81%
3645 Pyongyang 2265
80%
3838 Seoul 2385
80%
3754 Vilnius 2333
80%
2890 Bishkek 1796
79%
3913 Kabul 2431
78%
3681 Stockholm 2288
78%
3900 Ashgabat 2423
74%
3502 Dushanbe 2176
74%
3131 Moscow 1946
73%
3923 Oslo 2438
73%
3906 Islamabad 2427
63%
No matching quizzes found
Score Distribution
Percent of People with Each Score
Percentile by Number Answered
Your Score History
You have not taken this quiz